La sexta extinción: el futuro de la vida y de la humanidad

Na minha lista:
Detalhes bibliográficos
Principais autores: Leakey, Richard E, Lewin, Roger (Autor)
Formato: Livro
Idioma:espanhol
Publicado em: Barcelona, España Tusquets 1997
coleção:Colección Metatemas. 50
Assuntos:
Tags: Adicionar Tag
Sem tags, seja o primeiro a adicionar uma tag!

MARC

LEADER 00000nam a2200000 a 4500
001 UCR5893
003 CL-VaPUC
005 20231114162455.0
008 980403e19970000SP |||||||||||||||||spa|d
999 |c 268235  |d 268233 
040 |c Pontificia Universidad Católica de Valparaíso 
082 0 4 |a 508 LEA 1997  |2 21 
100 |a Leakey, Richard E  |9 541822 
245 1 3 |a La sexta extinción: el futuro de la vida y de la humanidad 
260 0 3 |a Barcelona, España  |b Tusquets  |c 1997 
300 |a 296 páginas 
490 0 |a Colección Metatemas.  |v 50 
583 |a last modification  |c 19980403 00:00:00  |k Rodrigo Vera 
650 0 |a Evolución  |9 259442 
650 0 |a Vida  |9 266033 
650 7 |a EXTINCION  |2 CL-VaPUC  |9 375180 
650 0 |a Naturaleza  |9 269656 
650 0 |a Ecología   |9 258124 
650 7 |a CONSERVACION DE LA FAUNA  |2 CL-VaPUC  |9 406825 
700 |a Lewin, Roger  |e author  |9 493506 
942 |c BK  |2 ddc 
945 |d 19980403 00:00:00  |a rbrito 
952 |0 0  |1 0  |2 ddc  |4 0  |6 508_000000000000000_LEA_1997  |7 0  |8 A  |9 301203  |a BIBHIS  |b BIBHIS  |d 2019-11-20  |i 3410536  |o 508 LEA 1997  |p 3410536  |r 2025-01-20  |t 2  |w 2019-11-20  |y BK  |k HIS 
952 |0 0  |1 0  |2 ddc  |4 0  |6 508_000000000000000_LEA_1997  |7 0  |8 A  |9 301204  |a BIBCUR  |b BIBCUR  |d 2019-11-20  |i 3680347  |o 508 LEA 1997  |p 3680347  |r 2025-04-22  |t 1  |w 2019-11-20  |y BK  |k BIO